Business plan writer

Sparad:
Bibliografiska uppgifter
Materialtyp: Bok
Språk:Undetermined
Publicerad: New York McGraw-Hill 2006
Ämnen:
Taggar: Lägg till en tagg
Inga taggar, Lägg till första taggen!
Thư viện lưu trữ: Trung tâm Học liệu Trường Đại học Cần Thơ
LEADER 00422nam a2200157Ia 4500
001 CTU_238245
008 210402s9999 xx 000 0 und d
082 |a 658.11 
082 |b B979 
245 0 |a Business plan writer 
260 |a New York 
260 |b McGraw-Hill 
260 |c 2006 
650 |a Kế hoạch kinh doanh,Business planning 
910 |b nthai 
980 |a Trung tâm Học liệu Trường Đại học Cần Thơ